000
00480nam a2200169Ia 4500
008
100917s9999 xx 000 0 und d
082
_b
14636
100
_a
भिडे भि. गो.
245
_a
परिचारिका आणि
260
_b
---
_c
1924
365
_b
5
520
_a
कादंबरी
630
_a
परिचारिका आणि
650
_a
कादंबरी
730
_a
परिचारिका आणि
942
_c
BOOK
999
_c
620030
_d
620027